XXVII Curso internacional de prehistòria y arqueología / organizado por el Instituto de Prehistoria y Arqueología de la Diputación de Barcelona
Descripción Física:
1 díptic ; 21 cm
MARC
| LEADER | 00000nam a2200000Ia 4500 | ||
|---|---|---|---|
| 001 | 16450 | ||
| 008 | 160829s1973 xx 000 0 cat d | ||
| 080 | |a S-480, exp. 1 | ||
| 110 | 2 | |a Instituto de Prehistoria y Arqueología (Barcelona, Catalunya) |9 54255 | |
| 245 | |a XXVII Curso internacional de prehistòria y arqueología / organizado por el Instituto de Prehistoria y Arqueología de la Diputación de Barcelona | ||
| 260 | |a Barcelona : |b (Casa P. Caridad. Imp. - Escuela), |c 1973 | ||
| 300 | |a 1 díptic ; |c 21 cm | ||
| 590 | |a A la part superior de la portada: Ampurias del 2 al 14 de julio de 1973 | ||
| 650 | |a Institut de Prehistòria i Arqueologia (Barcelona) |x Currículums |9 48189 | ||
| 901 | |a Arxiu | ||
| 942 | |n 1 |2 udc | ||
| 952 | |0 0 |1 0 |4 0 |6 S480_EXP_1 |7 1 |9 54409 |a Arxiu |b Arxiu |d 2016-12-01 |l 0 |o S-480, exp. 1 |p 16450 |r 2016-12-01 00:00:00 |w 2016-12-01 |y ARXIU | ||
| 999 | |c 58278 |d 58278 | ||